000 00317nam a22001457a 4500
008 230831b ||||| |||| 00| 0 eng d
020 _a9780863161148
041 _aeng
080 _a101
082 _a101OSB
100 _a40
101 _aFILO
245 _aPHILOSOPHY FOR BEGINNERS
_cOSBORNE.R
942 _2udc
_cBK
999 _c60224
_d60224